| 000 | 00724nam a22001937a 4500 | ||
|---|---|---|---|
| 005 | 20100726125344.0 | ||
| 010 | _aENG-96849 | ||
| 020 |
_a9788190808446 _c100.00 |
||
| 035 | _aEN-80382 | ||
| 037 | _bDBAD/PUB | ||
| 082 | _a004.16 | ||
| 100 |
_aFerdinand, A. Christy _91454 |
||
| 245 |
_aMicroprocessor / _cby A. Christy Ferdinand |
||
| 260 |
_aTamil Nadu _bVarun Publications _c2008 |
||
| 270 |
_aNo- 107, Muncipal Housing Board, Arcot-632503, vellore District, Tamil Nadu _bTamil Nadu |
||
| 300 |
_a159p.: _bill. _c20cm (pbk) |
||
| 942 |
_2ddc _cEN _h004.16 _mFER |
||
| 999 |
_c37697 _d37697 |
||